| 000 | 01032nam a22002537a 4500 | ||
|---|---|---|---|
| 005 | 20170124102932.0 | ||
| 010 | B | _aB-238471 | |
| 020 |
_c275.00 _a8188212415 |
||
| 035 | _aB-238471 | ||
| 037 | _bCen Lib/Ret | ||
| 040 |
_aDPL _bHN |
||
| 082 |
_a820.92 _bघोषश |
||
| 100 |
_aघोष, श्यामसुंदर _942961 |
||
| 245 |
_aशिखर सेतु पुन पुन / _cश्यामसुंदर घोष |
||
| 246 |
_aShikhar setu pun pun / _bby Shyamsunder Ghosh |
||
| 260 |
_aइलाहाबाद _bविभोर प्रकाशन _c2007 |
||
| 270 |
_bइलाहाबाद _a49बी, होस्तिंग्स रोड _e211001 |
||
| 300 |
_a260पृ. _c20सेमी(सजिल्द ) |
||
| 650 |
_aहिंदी साहित्य _x _z _9142262 |
||
| 650 |
_v _aहिंदी उपन्यास _9142263 |
||
| 650 |
_aHindi litarature _9142264 |
||
| 650 |
_aHindi fiction _927248 |
||
| 942 |
_2ddc _cHN _h820.92 _mघोषश |
||
| 999 |
_c112026 _d112026 |
||